[Event "Julian Mazur Memorial"]
[Site "Wellington Chess Club"]
[Date "2022.08.04"]
[Round "2.19"]
[White "Hooper, John"]
[Black "Thirkell, Zachary"]
[Result "0-1"]
[WhiteElo "1251"]
[BlackElo "1500"]

1. d4 d5 2. c4 e6 3. g3 Nf6 4. Bg2 Bb4+ 5. Bd2 Bxd2+ 6. Qxd2 Nbd7 7. Nf3 Nb6 8.
Ne5 c6 9. O-O O-O 10. b3 Nfd7 11. c5 Nxe5 12. dxe5 Nd7 13. Qd4 Qe7 14. b4 a5
15. Rc1 f6 16. exf6 Qxf6 17. Qxf6 Nxf6 18. Nd2 axb4 19. e4 e5 20. exd5 cxd5 21.
c6 bxc6 22. Rxc6 e4 23. Rb6 Ra4 24. Nb3 Bf5 25. Nc5 Ra5 26. Nb7 Ra7 27. Nd6 Bd7
28. Rxb4 Ra6 29. Nb5 Rb6 30. a4 Rfb8 31. Rab1 Ne8 32. Bf1 Nd6 33. Kg2 Kf8 34.
f3 e3 35. f4 Bc6 36. Bd3 d4+ 37. Kf1 Nxb5 38. axb5 h6 39. R1b2 Be8 40. Ke2 Bh5+
41. Ke1 Rc8 42. Rb1 Rd8 43. Be2 Bg6 44. Rd1 d3 45. Bf3 d2+ 46. Kf1 Bc2 47. Ra1
d1=Q+ 48. Bxd1 Rxd1+ 49. Rxd1 Bxd1 50. Ke1 Bg4 51. Rb3 e2 52. Rb2 Rd6 53. Rd2
Rxd2 54. Kxd2 Ke7 55. Ke1 Kd6 56. h3 Bxh3 57. Kxe2 Kc5 58. b6 Kxb6 59. Kf3 Bc8
60. g4 Kc6 61. f5 Kd6 62. Kf4 Bb7 63. g5 h5 64. f6 g6 65. Kg3 Bd5 66. Kf4 Bf7
67. Ke4 Ke6 68. Kf4 Kd5 69. Kg3 Ke4 70. Kh4 Kf4 71. Kh3 Kxg5 72. Kg3 Kxf6 73.
Kh4 g5+ 74. Kg3 Kf5 75. Kh3 Kf4 76. Kh2 g4 77. Kg2 g3 78. Kg1 Kf3 79. Kf1 g2+
80. Kg1 Bg8 81. Kh2 Kf2 82. Kh3 g1=Q 83. Kh4 Qg4# 0-1

[Event "Julian Mazur Memorial"]
[Site "Wellington Chess Club"]
[Date "2022.08.11"]
[Round "3.1"]
[White "Ker, Anthony"]
[Black "Van der Hoorn, Thomas"]
[Result "1-0"]
[WhiteElo "2428"]
[BlackElo "2059"]

1. e4 c6 2. d4 d5 3. exd5 cxd5 4. Bd3 Nc6 5. c3 Qc7 6. Ne2 Bg4 7. O-O e6 8. f3
Bh5 9. Bf4 Bd6 10. Bxd6 Qxd6 11. f4 Nge7 12. Nd2 Bg6 13. Nf3 a6 14. Ne5 Bxd3
15. Qxd3 f6 16. Nxc6 Nxc6 17. Rae1 O-O 18. Nc1 e5 19. fxe5 fxe5 20. dxe5 Nxe5
21. Qd4 Nc6 22. Qb6 d4 23. Qxb7 dxc3 24. Qb3+ Kh8 25. Qxc3 Rab8 26. Nd3 Nd4 27.
Rxf8+ Rxf8 28. Qc5 Qf6 29. h3 h6 30. Re4 Rd8 31. Nf4 Nf5 32. Qe5 Rd1+ 33. Kh2
Qg5 34. Ne6 Qg3+ 35. Qxg3 Rh1+ 36. Kxh1 Nxg3+ 37. Kg1 Nxe4 38. Kf1 Kg8 39. Ke2
Kf7 40. Nc7 a5 41. Kd3 Nd6 42. Kd4 Ke7 43. Kc5 Ne4+ 44. Kb5 Kd7 45. Na6 Nd6+
46. Kc5 Ne4+ 47. Kb6 Nd6 48. b3 a4 49. Nc5+ Ke7 50. Nxa4 Nc8+ 51. Kc7 Nd6 52.
Nc3 Ne8+ 53. Kc6 Kd8 54. Nd5 g5 55. a4 Kc8 56. g4 Kd8 57. a5 Kc8 58. a6 Kb8 59.
b4 Ka7 60. b5 h5 61. Kd7 1-0

[Event "Julian Mazur Memorial"]
[Site "Wellington Chess Club"]
[Date "2022.08.11"]
[Round "3.2"]
[White "Young, Cohen"]
[Black "Dive, Russell"]
[Result "1/2-1/2"]
[WhiteElo "1933"]
[BlackElo "2389"]

1. e4 c6 2. d4 d5 3. e5 c5 4. dxc5 Nc6 5. f4 Bf5 6. a3 a5 7. Bb5 e6 8. Be3 Nh6
9. Nf3 Be7 10. O-O O-O 11. Bxc6 bxc6 12. Nc3 f6 13. Na4 Qc7 14. c3 Bg4 15. Bd4
fxe5 16. Bxe5 Qa7 17. b4 Nf5 18. Qd3 Qa6 19. Qxa6 Rxa6 20. Nb6 Ne3 21. Rf2 Bxf3
22. gxf3 Bf6 23. Bxf6 Rxf6 24. Nd7 Rxf4 25. Nb8 Ra8 26. Nxc6 axb4 27. cxb4 Rc4
28. Na5 (28. Re2 $1) 28... Rc3 29. a4 d4 30. Rd2 Nc2 31. Rb1 Nxb4 32. Rxb4 Rxa5
33. Rdxd4 Raxc5 34. Rb7 h5 35. f4 Rd5 (35... Rc1+ 36. Kf2 R5c2+ 37. Kg3 Rg1+
38. Kf3 Rxh2) 36. Rxd5 exd5 37. Rd7 Rc4 38. Rxd5 1/2-1/2

[Event "Julian Mazur Memorial"]
[Site "Wellington Chess Club"]
[Date "2022.08.11"]
[Round "3.3"]
[White "Winter, Ryan"]
[Black "Tanoi, Edward"]
[Result "1-0"]
[WhiteElo "2197"]
[BlackElo "1985"]

1. e4 e5 2. Nf3 Nc6 3. Bb5 a6 4. Ba4 Bc5 5. O-O Nge7 6. c3 Ba7 7. Re1 O-O 8. h3
Ng6 9. d4 f6 10. Be3 b5 11. Bc2 Kh8 12. Nbd2 d6 13. Nf1 Nce7 14. Ng3 Nf4 15. d5
f5 16. Nxf5 Nxf5 17. exf5 Bxf5 18. Bxf4 Bxc2 19. Qxc2 Rxf4 20. Re4 Qf6 21. Rxf4
Qxf4 22. Re1 Rf8 23. Re4 Qf5 24. Qe2 Rf6 25. a3 g5 26. Rg4 h6 27. Qe4 Qxe4 28.
Rxe4 Rf4 29. Re2 Kg7 30. Nd2 Kg6 31. g3 Ra4 32. Kg2 Kf5 33. g4+ Kg6 34. Re4
Rxe4 35. Nxe4 a5 36. Kf3 Kf7 37. b3 Ke7 38. a4 bxa4 39. bxa4 c6 40. c4 cxd5 41.
cxd5 Bc5 42. Ke2 Bb4 43. Kd3 Kf7 44. Kc4 Ke7 45. Kb5 Be1 46. Kc6 Bb4 47. Ng3
Kf6 48. Nf5 e4 49. Nxd6 Ke5 50. Nf5 Be1 51. d6 Bxf2 52. d7 1-0

[Event "Julian Mazur Memorial"]
[Site "Wellington Chess Club"]
[Date "2022.08.11"]
[Round "3.4"]
[White "Malcolm, Aidan"]
[Black "Sole, Michael"]
[Result "1-0"]
[WhiteElo "1782"]
[BlackElo "2155"]

1. d4 d5 2. c4 e6 3. Nc3 a6 4. cxd5 exd5 5. Bf4 Nf6 6. h3 c5 7. Nf3 c4 8. Qc2
Nc6 9. g4 Be7 10. Bg2 O-O 11. O-O h5 $6 { This move allows me to play g5.}  (
11... h6 {was better.} ) 12. g5 Nh7 13. h4 Be6 14. Rad1 Qd7 $6 15. Ne5 Qd8 (
15... Nxe5 16. dxe5 {and the Black's d-pawn will eventually fall} ) 16. g6 $6 (
16. Nxc4 dxc4 17. d5 {was the best way to gaina clear advantage.} ) 16... fxg6
17. Qxg6 Rf6 18. Qg3 Nf8 $6 {This takes the only escape square away from the
rook} 19. Bg5 Rf5 20. Bh3 $6 {There was no need to rush with this move, but I
was too excited with the prospect of taking a material advantage}  (20. f4
{first was stronger.} ) 20... Bxg5 21. Bxf5 Bxh4 22. Bxe6+ Nxe6 23. Qf3 $4
{allows Black too much counterplay} 23... Qg5+ $2 (23... Nxe5 24. dxe5 Qg5+ 25.
Kh1 d4 {and Black has more than enough compensation.} ) 24. Kh1 Nxe5 25. dxe5
$4 Rf8 $2 (25... d4 $1 {gives Black good chances once again.} ) 26. Qxd5 Qf5
27. Qg2 Nf4 28. Qh2 Be7 29. Rg1 $4 Nh3 $1 30. f3 $1 {The only non-losing move.}
30... Nxg1 31. Rxg1 Bc5 32. Nd5 $4 {I simply missed that my queen would be
under attack after...} 32... Bxg1 33. Qxg1 Qxe5 34. Qc5 Re8 35. Qxc4 Qxe2 $4
{oops} 36. Ne7+ Kf8 37. Qxe2 $2 (37. Ng6# {was too efficient for my brain to
process.} ) 37... Rxe7 38. Qd3 Kf7 39. Qf5+ Kg8 40. Qxh5 Re6 41. Qd5 Kf7 42.
Qxb7+ Kg6 43. Qb4 Kf7 44. f4 Kf6 45. Qd4+ $6 (45. Qf8+ Kg6 46. f5+ {was
cleaner.} ) 45... Kf7 46. Qd5 Kf6 47. b4 Re7 48. a4 g6 49. b5 Kg7 50. b6 Rd7
51. Qxd7+ Kh6 52. b7 g5 53. b8=Q g4 54. Qf8+ 1-0

[Event "Julian Mazur Memorial"]
[Site "Wellington Chess Club"]
[Date "2022.08.11"]
[Round "3.5"]
[White "Forster, Bill"]
[Black "Winsley, Daniel"]
[Result "1-0"]
[WhiteElo "2037"]
[BlackElo "1725"]

1. e4 c6 2. d4 d5 3. Nc3 dxe4 4. Nxe4 Bf5 5. Ng3 Bg6 6. N1e2 h6 7. Nf4 Bh7 8.
Bc4 Nf6 9. O-O Nbd7 10. Re1 Nb6 11. Bb3 Qc7 12. Qf3 O-O-O 13. Bxf7 Nbd5 14. Ne6
Qa5 15. Re5 Rd6 16. c4 Be4 17. Qe2 Bxg2 18. Kxg2 Nd7 1-0

[Event "Julian Mazur Memorial"]
[Site "Wellington Chess Club"]
[Date "2022.08.11"]
[Round "3.6"]
[White "Shepherd, Blake"]
[Black "Enegbuma, Wallace"]
[Result "0-1"]
[WhiteElo "1497"]
[BlackElo "1844"]

1. d4 d5 2. c4 e6 3. Nf3 Nf6 4. g3 Be7 5. Bg2 O-O 6. O-O dxc4 7. Qc2 c6 8. Nbd2
b5 9. a4 Bb7 10. Ne5 Nd5 11. e4 Nb4 12. Qc3 f6 13. Ng4 a5 14. e5 Nd5 15. Qc2 f5
16. Ne3 Qb6 17. b3 cxb3 18. Nxd5 cxd5 19. Qxb3 b4 20. Qe3 Nd7 21. Nb3 Rac8 22.
Bd2 Rc4 23. Bh3 Rfc8 24. Rfc1 Rxc1+ 25. Rxc1 Rxc1+ 26. Bxc1 Bc6 27. g4 fxg4 28.
Bxg4 Bxa4 29. Nxa5 Nf8 30. Nb3 Bxb3 31. Qxb3 Qxd4 32. Qg3 b3 33. Qh3 Qxe5 34.
f4 Bc5+ 35. Kf1 Qe4 36. Bf3 Qd3+ 37. Ke1 Bb4+ 38. Kf2 Qc2+ 0-1

[Event "Julian Mazur Memorial"]
[Site "Wellington Chess Club"]
[Date "2022.08.11"]
[Round "3.7"]
[White "Aldridge, Alan"]
[Black "Archer, Ollie"]
[Result "0-1"]
[WhiteElo "1806"]
[BlackElo "2186"]

1. d4 d5 2. c4 e6 3. Nc3 c6 4. Nf3 dxc4 5. a4 Bb4 6. e3 b5 7. Bd2 a5 8. axb5
Bxc3 9. Bxc3 cxb5 10. b3 Bb7 11. bxc4 b4 12. Bb2 Nf6 13. Bd3 O-O 14. Qc2 Nbd7
15. e4 e5 16. O-O Qc7 17. h3 exd4 18. Bxd4 Ne8 19. Rfe1 Nc5 20. Bxc5 Qxc5 21.
Re3 Nc7 22. e5 h6 23. Nh4 Qd4 24. Kh2 Qxh4 25. Rf1 Qf4+ 26. g3 Qd4 27. Qe2 Ne6
28. f4 Rad8 29. Rd1 Kh8 30. f5 Nc5 31. f6 Nxd3 32. fxg7+ Kxg7 33. Rexd3 Qxc4
34. Qf1 Rxd3 35. Rxd3 Qc2+ 36. Kg1 Qc5+ 0-1

[Event "Julian Mazur Memorial"]
[Site "Wellington Chess Club"]
[Date "2022.08.11"]
[Round "3.8"]
[White "Brockway, Andrew"]
[Black "Chen, Wei Kai"]
[Result "0-1"]
[WhiteElo "1686"]
[BlackElo "1968"]

1. e4 e5 2. Nf3 Nc6 3. Bb5 Bb4 4. O-O d6 5. c3 Ba5 6. d4 exd4 7. Qxd4 Kf8 8.
Bxc6 bxc6 9. Bg5 f6 10. Bf4 Bb6 11. Qd3 Bg4 12. Nbd2 Ne7 13. Rae1 Ng6 14. Be3
Qd7 15. Bxb6 axb6 16. a3 Nf4 17. Qe3 g5 18. Qd4 Kf7 19. Qc4+ Be6 20. Qd4 c5 (
20... Bh3 $1) 21. Qe3 Bh3 22. gxh3 Qxh3 23. Nxg5+ fxg5 24. Qg3 Rad8 25. Qxh3
Nxh3+ 26. Kh1 Kg6 27. Re3 Nf4 28. Rg1 Rhf8 29. Reg3 h6 30. Re3 b5 31. h4 Rf7
32. Nf3 Rh8 33. e5 Re7 34. exd6 Rxe3 35. fxe3 Nh3 36. Rg2 cxd6 37. Kh2 Rf8 38.
Rg3 Nf2 39. hxg5 Ne4 40. Nh4+ Kh5 41. Rh3 Nxg5 42. Ng2+ Nxh3 43. Kxh3 Rf3+ 44.
Kh2 Rf2 45. b4 cxb4 46. axb4 Rc2 47. Kg3 Rxc3 48. Nf4+ Kg5 49. Ne6+ Kf6 50. Nd4
Rxe3+ 51. Kf4 Re5 52. Nc6 Ke6 53. Nd8+ Kd7 54. Nf7 h5 0-1

[Event "Julian Mazur Memorial"]
[Site "Wellington Chess Club"]
[Date "2022.08.11"]
[Round "3.9"]
[White "Cooke, Xandi"]
[Black "Perrin, Brent"]
[Result "1/2-1/2"]
[WhiteElo "1530"]
[BlackElo "1965"]

1. d4 e6 2. c4 Nf6 3. Nc3 Bb4 4. Qc2 O-O 5. Bg5 b6 6. e3 Bb7 7. Nf3 d5 8. a3
Bxc3+ 9. Qxc3 Nbd7 10. Bd3 c5 11. b3 Rc8 12. O-O cxd4 13. exd4 Qc7 14. Rac1
dxc4 15. bxc4 h6 16. Bh4 Ne4 17. Qc2 Ndf6 18. Ne5 Qd6 19. Qb2 Rfd8 20. f3 Ng5
21. Bf2 Rc7 22. Qb4 Ngh7 23. Qxd6 Rxd6 24. Rfd1 Rd8 25. c5 Nd5 26. c6 Bc8 27.
Bg3 Re7 28. Ng4 Nc7 29. Bc2 h5 30. Ne3 1/2-1/2

[Event "Julian Mazur Memorial"]
[Site "Wellington Chess Club"]
[Date "2022.08.11"]
[Round "3.11"]
[White "Benitez, Edgar"]
[Black "Hampshire, Thomas"]
[Result "1/2-1/2"]
[WhiteElo "1952"]
[BlackElo "1500"]

1. d4 Nf6 2. Nf3 d5 3. Bf4 c5 4. e3 Nc6 5. c3 Bg4 6. Nbd2 e6 7. Qb3 Qb6 8. Bb5
c4 9. Qa4 a6 10. Bxc6+ Qxc6 11. Qxc6+ bxc6 12. Ne5 Rc8 13. O-O Be7 14. Nxg4
Nxg4 15. b4 O-O 16. a4 Rfd8 17. f3 Nf6 18. Bg5 h6 19. Bh4 Kf8 20. Rfb1 g5 21.
Bg3 h5 22. b5 h4 23. Bf2 cxb5 24. axb5 axb5 25. Rxb5 Ra8 26. Rba5 Rab8 27. R5a2
Rb5 28. e4 Rdb8 29. Be3 Nh5 30. Kf2 Nf4 31. Bxf4 gxf4 32. g3 fxg3+ 33. hxg3 Rb2
34. e5 Bg5 35. f4 Bh6 36. Kf3 h3 37. Ke3 h2 38. Rxb2 Rxb2 39. Rh1 Rc2 40. Rxh2
Rxc3+ 41. Ke2 Kg7 42. Nf3 Rc2+ 43. Kd1 Rxh2 44. Nxh2 Kg6 45. Ng4 Bf8 46. Ne3
Bb4 47. Ke2 Bc3 48. Nc2 f6 49. exf6 Kxf6 50. Kf3 Ba5 51. g4 Bd2 52. Na3 Bc1
1/2-1/2

[Event "Julian Mazur Memorial"]
[Site "Wellington Chess Club"]
[Date "2022.08.11"]
[Round "3.12"]
[White "Thirkell, Zachary"]
[Black "Lyall, Gordon"]
[Result "0-1"]
[WhiteElo "1500"]
[BlackElo "1942"]

1. c4 Nf6 2. d4 c5 3. d5 g6 4. Nc3 Bg7 5. e4 d6 6. Bd3 O-O 7. Nge2 e6 8. O-O
exd5 9. exd5 a6 10. a4 Nbd7 11. f4 Re8 12. Bd2 Ng4 13. Qc1 Qh4 14. h3 Nh6 15.
Ne4 Qe7 16. N2c3 Nf5 17. Ng5 Bd4+ 18. Kh2 Nf6 19. Re1 Qf8 20. Rxe8 Qxe8 21. Qe1
Bd7 22. a5 Qf8 23. Qf1 Qh6 24. Be2 Re8 25. Re1 Qh4 26. Bf3 Ne3 27. Bxe3 Bxe3
28. g3 Bxf4 29. Rxe8+ Nxe8 30. gxf4 Qxf4+ 31. Kh1 Qxg5 32. Qe2 Kf8 33. Ne4 Qe5
34. Qd2 Kg7 35. Nf2 Nf6 36. Bg2 Bf5 37. Nd1 Ne4 38. Ne3 Nxd2 39. Nxf5+ Qxf5 40.
b4 cxb4 41. c5 dxc5 42. d6 Qd7 0-1

[Event "Julian Mazur Memorial"]
[Site "Wellington Chess Club"]
[Date "2022.08.11"]
[Round "3.13"]
[White "Lavender, Ariel"]
[Black "Jackson, Ross"]
[Result "0-1"]
[WhiteElo "1486"]
[BlackElo "1905"]

1. d4 Nf6 2. Bg5 d5 3. e3 e6 4. Nd2 Be7 5. Bd3 Nbd7 6. Qf3 c5 7. c3 Qb6 8. b3
cxd4 9. cxd4 Ne4 10. Nxe4 dxe4 11. Bxe4 Bxg5 12. h4 Be7 13. g4 Nf6 14. g5 Nxe4
15. Qxe4 Bd7 16. Nf3 Bc6 17. Qf4 Bb4+ 18. Kf1 Qb5+ 19. Kg1 Qd5 20. Rh3 Bd6 21.
Qg4 Qe4 22. Qxe4 Bxe4 23. Nd2 Bc6 24. Nc4 Bc7 25. f4 f6 26. gxf6 gxf6 27. Rg3
Kf7 28. Kf2 Rhg8 29. Rag1 Rxg3 30. Rxg3 Re8 31. h5 b5 32. Nb2 Be4 33. h6 Rg8
34. Nd1 Rg6 35. Nc3 Bc6 36. Rxg6 Kxg6 37. f5+ Kxf5 38. e4+ Kg6 39. d5 exd5 40.
exd5 Bd7 41. Ne4 f5 42. Nc5 Bb6 0-1

[Event "Julian Mazur Memorial"]
[Site "Wellington Chess Club"]
[Date "2022.08.11"]
[Round "3.14"]
[White "Malcolm, Leo"]
[Black "McConnell, Jack"]
[Result "0-1"]
[WhiteElo "1873"]
[BlackElo "1411"]

1. g4 d5 2. Bg2 Bxg4 3. c4 e6 4. Qa4+ Qd7 5. Qb3 c6 6. cxd5 cxd5 7. Nc3 Nf6 8.
d4 Nc6 9. Qa4 Nb4 10. Qd1 Bf5 11. Kf1 Be7 12. Nf3 O-O 13. Ne5 Qd8 14. Bf4 a6
15. a3 Nc6 16. Nxc6 bxc6 17. h4 Nh5 18. Bg5 Bxg5 19. hxg5 Qxg5 20. e4 Nf4 21.
Rg1 dxe4 22. Nxe4 Bxe4 23. Bxe4 Qb5+ 24. Ke1 Qxb2 25. Rb1 Qc3+ 26. Kf1 f5 27.
Rc1 Qh3+ 28. Bg2 Nxg2 29. Rxg2 Rf6 30. Kg1 Rh6 31. f3 Qh1+ 32. Kf2 Qxd1 33.
Rxd1 Rb8 34. Ke3 Rb3+ 35. Kf4 Rxa3 36. Rb1 Kf7 37. Rb7+ Kf6 38. Rgxg7 Rh4+ 39.
Kg3 Rxd4 40. Rxh7 Rdd3 41. Rb6 Rxf3+ 42. Kg2 Rfc3 43. Rb2 Rg3+ 44. Kh2 Rgc3 45.
Rh6+ Ke5 46. Re2+ Re3 47. Rc2 Kf4 48. Rh4+ Ke5 49. Rhc4 Rh3+ 50. Kg2 Rag3+ 51.
Kf2 Ra3 52. Kg2 a5 53. Rxc6 Rh4 54. R6c5+ Kf6 55. Rc1 Rha4 56. Rc6 Ra1 57. R1c5
R4a2+ 58. Kf3 Ra3+ 59. Kg2 Rb3 60. Rc2 Re3 61. Kf2 f4 62. Rc8 e5 63. R2c6+ Kf5
64. Rf8+ Ke4 65. Rc2 Kd3 66. Rb2 Kc3 67. Rfb8 a4 68. R2b7 Ra2+ 69. Kf1 Rf3+ 70.
Kg1 e4 71. Rd8 Rd3 72. Rc8+ Kd2 73. Rb1 f3 74. Rf8 Rc2 75. Rb4 Kc1 0-1

[Event "Julian Mazur Memorial"]
[Site "Wellington Chess Club"]
[Date "2022.08.11"]
[Round "3.15"]
[White "Rossiter, Philip"]
[Black "Cameron, Will"]
[Result "1-0"]
[WhiteElo "1839"]
[BlackElo "1424"]

1. Nf3 c5 2. b3 Nf6 3. Bb2 e6 4. e3 d5 5. c4 Nc6 6. d4 Be7 7. Be2 O-O 8. Nbd2
Ne4 9. Rc1 Nxd2 10. Qxd2 dxc4 11. bxc4 Bf6 12. O-O b6 13. Rfd1 Re8 14. d5 exd5
15. cxd5 Bxb2 16. Qxb2 Ne7 17. e4 Bg4 18. h3 Bxf3 19. Bxf3 Nc8 20. d6 Re6 21.
e5 Rb8 22. Bg4 Rg6 23. Qe2 Nxd6 24. Rxd6 Rxd6 25. exd6 Qxd6 26. Rd1 Qc6 27. Bf3
Qa4 28. Qe7 g6 29. Rd7 1-0

[Event "Julian Mazur Memorial"]
[Site "Wellington Chess Club"]
[Date "2022.08.11"]
[Round "3.16"]
[White "Darr, Samuel"]
[Black "Mavaram, Eashan"]
[Result "1/2-1/2"]
[WhiteElo "1560"]
[BlackElo "1352"]

1. e4 e5 2. Nf3 Nc6 3. Bc4 Bc5 4. Nc3 Nf6 5. d3 h6 6. Be3 Bb6 7. h3 O-O 8. Qd2
Kh7 9. O-O-O d6 10. Nh2 Qe7 11. f4 Bxe3 12. Qxe3 Nd7 13. Nd5 Qd8 14. f5 f6 15.
Qg3 Nd4 16. Qg6+ Kh8 17. Ng4 c6 18. Nc3 Qe8 19. Ne3 Qxg6 20. fxg6 a5 21. Nf5
Nxf5 22. exf5 d5 23. Bb3 Nc5 24. a4 Nxb3+ 25. cxb3 Bxf5 26. d4 e4 27. Kd2 Bxg6
28. Ne2 Bh7 29. Kc3 f5 30. Rhf1 g5 31. g3 Rf7 32. Rf2 Raf8 33. Rdf1 Kg7 34. b4
b6 35. h4 Kg6 36. Rg2 Kf6 37. Rgf2 g4 38. Nf4 Ke7 39. Rc2 axb4+ 40. Kxb4 Kd7
41. Ka3 Kd6 42. b4 {draw agreed} 1/2-1/2

[Event "Julian Mazur Memorial"]
[Site "Wellington Chess Club"]
[Date "2022.08.11"]
[Round "3.17"]
[White "Hupert, Leo"]
[Black "Mills, Dan"]
[Result "1-0"]
[WhiteElo "1387"]
[BlackElo "927"]

1. e4 e5 2. Nf3 Nc6 3. Nc3 Nf6 4. a3 d6 5. h3 g6 6. d4 Qe7 7. Bg5 Bg7 8. Nd5
Qd7 9. Bxf6 O-O 10. Bxg7 Kxg7 11. dxe5 Qe8 12. Nxc7 Qd7 13. exd6 Rb8 14. Bb5 f5
15. Ng5 Rf6 16. e5 Rf8 17. e6 Re8 18. Nxe8+ Qxe8 19. Bxc6 Qxc6 20. Qd4+ Kh6 21.
Qh4+ Kg7 22. Qxh7+ Kf6 23. Qe7+ Ke5 24. O-O Qxd6 25. Nf7+ Kf4 26. Qxd6+ Ke4 27.
Rfe1# 1-0

[Event "Julian Mazur Memorial"]
[Site "Wellington Chess Club"]
[Date "2022.08.11"]
[Round "3.18"]
[White "Farrington, Lawrence"]
[Black "Qu, Lucas"]
[Result "0-1"]
[WhiteElo "1602"]
[BlackElo "1272"]

1. e4 e6 2. d4 d5 3. Nc3 Bb4 4. e5 Ne7 5. a3 Ba5 6. b4 Bb6 7. Na4 O-O 8. Nxb6
cxb6 9. c3 Ng6 10. Nf3 Nc6 11. Bd3 a6 12. O-O Bd7 13. Qe2 h6 14. h3 Nce7 15. h4
Nf5 16. g3 b5 17. Re1 Rc8 18. Bb2 Qe7 19. Bxf5 exf5 20. Nd2 f4 21. Nb3 b6 22.
Qf3 Bc6 23. Nd2 fxg3 24. fxg3 Qd7 25. Kg2 f5 26. Qh5 Qe8 27. Rf1 Nf4+ 28. Rxf4
Qxh5 29. Raf1 Bd7 30. Re1 g5 31. hxg5 hxg5 32. Rh1 Qe2+ 33. Rf2 Qd3 34. Rh5 Qe3
35. Nf1 Qe4+ 36. Kg1 Qg4 37. Rhh2 f4 38. Kg2 fxg3 39. Nxg3 Rxf2+ 40. Kxf2 Qf4+
41. Kg2 Qd2+ 42. Kh1 Qe1+ 43. Kg2 Rf8 0-1

[Event "Julian Mazur Memorial"]
[Site "Wellington Chess Club"]
[Date "2022.08.11"]
[Round "3.19"]
[White "Paino, Roberto"]
[Black "Hooper, John"]
[Result "1/2-1/2"]
[WhiteElo "1574"]
[BlackElo "1251"]

1. e4 e6 2. d4 d5 3. Nc3 Bb4 4. exd5 exd5 5. Bd2 Nf6 6. Qe2+ Qe7 7. Qxe7+ Bxe7
8. Nb5 Na6 9. Bf4 O-O 10. Nxc7 Nxc7 11. Bxc7 Re8 12. O-O-O Ng4 13. Nh3 Bf5 14.
Bd3 Bxd3 15. Rxd3 Rac8 16. Bf4 Bh4 17. f3 Nf2 18. Nxf2 Bxf2 19. Kd1 Bh4 20. Be5
Bd8 21. h4 h5 22. g4 g6 23. Rd2 Bc7 24. gxh5 Bxe5 25. dxe5 Rxe5 26. hxg6 fxg6
27. Rg2 Kg7 28. h5 Rc6 29. Rhg1 Rxh5 30. f4 Rf5 31. Rf1 Rcf6 32. Rg4 g5 33. Ke2
Re6+ 34. Kd3 Kg6 35. Rfg1 Re4 36. Rxg5+ Rxg5 37. Rxg5+ Kf6 38. Rxd5 Rxf4 39.
Rd7 Rb4 40. b3 Ke6 41. Rd8 Ke7 42. Rd4 Rb6 43. c4 a5 44. Kc3 Ke6 45. Rd5 Ra6
46. a3 Ra8 47. Rb5 Ra7 48. Kd4 Kd6 49. c5+ Kc6 50. Rb6+ Kc7 51. b4 Ra8 52. Kd5
axb4 53. axb4 Rd8+ 54. Kc4 Re8 55. Rd6 Re4+ 56. Kb5 Re8 57. Rf6 Re7 58. Ka5 Rd7
59. b5 Re7 60. b6+ Kc8 61. Kb5 Rh7 62. Rf8+ Kd7 63. Rb8 Ke6 64. Rc8 Rh2 65. Rc7
Rb2+ 66. Kc4 Rc2+ 67. Kd3 Rc1 68. Kd4 Rd1+ 69. Kc4 Rc1+ 70. Kd3 Kd5 71. Rd7+
Kc6 72. Rc7+ Kb5 73. Kd4 Rd1+ 74. Kc3 Rc1+ 75. Kd4 Rd1+ 76. Ke5 Rd2 77. Ke6 Rd1
78. Rxb7 Kxc5 79. Rb8 Rd6+ 80. Ke5 Rxb6 1/2-1/2

[Event "Julian Mazur Memorial"]
[Site "Wellington Chess Club"]
[Date "2022.08.11"]
[Round "3.20"]
[White "Asher, Bruce"]
[Black "Ulm, Joy"]
[Result "0-1"]
[WhiteElo "1060"]
[BlackElo "1500"]

1. e4 e5 2. Nf3 Nc6 3. Bc4 Bc5 4. Nc3 Nf6 5. h3 O-O 6. d4 exd4 7. Nxd4 Bxd4 8.
Qe2 d6 9. O-O Bxc3 10. bxc3 Re8 11. f3 d5 12. Rd1 Na5 13. Bb5 c6 14. Bd3 dxe4
15. Bxe4 Qc7 16. Qf2 Nxe4 17. fxe4 Rxe4 18. Re1 Rxe1+ 19. Qxe1 Be6 20. Be3 h6
21. g4 Nc4 22. Bd4 b5 23. Rb1 Nb6 24. a3 Qd6 25. Ra1 Rd8 26. Be5 Qd2 27. Qg3
Qxc2 28. g5 Rd1+ 29. Rxd1 Qxd1+ 30. Kh2 Qd2+ 31. Kg1 Qxg5 32. Kh2 Qxg3+ 33.
Kxg3 Nc4 34. Bb8 a6 35. Bc7 Nxa3 36. h4 Nc4 37. Kf3 a5 38. Ke2 a4 39. Kd1 a3
40. Kc1 a2 41. Bd6 a1=Q+ 42. Kc2 Nxd6 43. h5 Bc4 44. Kd2 Qb2+ 45. Kd1 Bd5 46.
c4 Bf3+ 47. Ke1 Qe2# 0-1

[Event "Julian Mazur Memorial"]
[Site "Wellington Chess Club"]
[Date "2022.08.18"]
[Round "4.1"]
[White "Winter, Ryan"]
[Black "Ker, Anthony"]
[Result "1/2-1/2"]
[WhiteElo "2197"]
[BlackElo "2428"]

1. e4 c5 2. Nf3 g6 3. d4 Bg7 4. dxc5 Qa5+ 5. c3 Qxc5 6. Na3 Bxc3+ 7. bxc3 Qxc3+
8. Qd2 Qxa1 9. Nb5 Na6 10. e5 Qb1 11. Bd3 Qb4 12. Nc7+ Kd8 13. Nxa8 Nc5 14. Bc2
Qxd2+ 15. Bxd2 b6 16. Ng5 Nh6 17. Ne4 Nxe4 18. Bxe4 Ng4 19. Bc3 f6 20. f4 fxe5
21. fxe5 Rf8 22. Bf3 Ne3 23. Ke2 Nc4 24. Rc1 Ba6 25. Ke1 Kc8 26. Bd4 Kb8 27.
Be2 Rc8 28. Bxc4 Bxc4 29. Nxb6 axb6 30. Bxb6 Bxa2 31. Rxc8+ Kxc8 32. Bc5 Kd8
33. Kf2 Ke8 34. Ke3 Kf7 35. Kf4 h6 36. g3 Ke6 37. Ba3 g5+ 38. Ke4 d5+ 39. exd6
exd6 40. h4 gxh4 41. gxh4 h5 42. Bc1 Bd5+ 43. Kd4 Bh1 44. Bg5 1/2-1/2

[Event "Julian Mazur Memorial"]
[Site "Wellington Chess Club"]
[Date "2022.08.18"]
[Round "4.2"]
[White "Dive, Russell"]
[Black "Forster, Bill"]
[Result "0-1"]
[WhiteElo "2389"]
[BlackElo "2037"]

1. d4 Nf6 2. Nf3 g6 3. h4 Bg7 4. h5 Nxh5 5. e4 d6 6. Bc4 h6 7. Nc3 Nc6 8. Be3
Bg4 9. Qd2 Bxf3 10. gxf3 e5 11. dxe5 dxe5 12. Nd5 Nd4 13. O-O-O c6 14. Bxd4
exd4 15. Qb4 Be5 16. Bb3 Rb8 17. Rxh5 gxh5 18. f4 Bg7 19. e5 cxd5 20. Rxd4 Qe7
21. Qb5+ Kf8 22. Qxd5 Rg8 23. Qf3 Rd8 24. Rxd8+ Qxd8 25. Qxh5 Qe7 26. Kd1 Bxe5
27. fxe5 Rg1+ 28. Ke2 Rg5 29. Qxh6+ Ke8 30. f4 Rg2+ 31. Kf3 Rg1 32. Qh8+ Kd7
33. e6+ Kc7 34. Qe5+ Kc8 35. exf7 Qxe5 36. f8=Q+ Kd7 37. Qf7+ Qe7 38. Ba4+ Kd6
39. Qf5 Rf1+ 40. Kg3 Qg7+ 41. Kh2 Rf2+ 42. Kh3 Rf3+ 43. Kh4 Qh6+ 44. Kg4 Qh3+
45. Kg5 Rg3+ 46. Kf6 Qh6+ 47. Kf7 Rg7+ 48. Ke8 Qh8+ 49. Qf8+ Re7+ 0-1

[Event "Julian Mazur Memorial"]
[Site "Wellington Chess Club"]
[Date "2022.08.18"]
[Round "4.3"]
[White "Langford, Josh"]
[Black "Malcolm, Aidan"]
[Result "1-0"]
[WhiteElo "2166"]
[BlackElo "1782"]

1. e4 e5 2. Nf3 Nc6 3. Bc4 Nf6 { hmm touched my knight but said jadoob :big: }
4. d3 Bc5 5. c3 a6 6. a4 { b5 sidelines no thanks } 6... Ba7 7. O-O d6 8. Re1
O-O 9. h3 (9. Nbd2 Ng4 10. Re2 Kh8 11. h3 f5 { ooga blooga no thank you sir } )
9... h6 10. Nbd2 Re8 11. b4 Be6 12. Bxe6 Rxe6 13. Bb2 { aiming at e5 } 13...
Nh5 14. Nf1 Rg6 15. Bc1 { large but now blacks pieces are weirdly coordinated }
15... Nf4 16. Bxf4 exf4 17. d4 { yeah now the bishop on a7 is stuck } 17... Qf6
18. Qd2 { now the queen on f6 is stuck }  (18. b5 Ne7 19. e5 Qe6 { I considered
something like this but figured i may as well improve my pieces instead } )
18... Rd8 { clever move, making me want to play e5 a little less } 19. h4 h5 {
forced pretty much }  (19... Kh8 20. h5 Rg4 21. N1h2) 20. N1h2 Ne7 21. e5 { now
e5 looked juicy } 21... dxe5 22. Rxe5 (22. dxe5 $4 Rxg2+ $3 { as spotted by
aidan } 23. Kxg2 Qg6+ 24. Kh1 Rxd2 25. Nxd2) 22... Rg4 { clever again }  (22...
Nf5 23. Qxf4 $2 Nxd4 $1 { oh oad } 24. Qxf6 gxf6) 23. Rxh5 (23. Nxg4 $5 hxg4
24. Ng5 $4 Qxe5) 23... Rg6 { aidan in severe time trouble at this point } 24.
Re1 Nd5 25. Rhe5 Qc6 26. Ng5 Qxc3 27. Re8+ 1-0